000 00270nam a2200097Ia 4500
008 220204s9999 xx 000 0 und d
082 _a058
_bASH
245 0 _aAshoka guide book for equipment and chemicals
260 _aAmbala Cantt
_bEducational Trade Buildes
942 _cBK
999 _c19795
_d19795